000 00619nam a2200169 a 4500
001 000043172
005 20201002040708.0
008 140221s1964 sp 001 0 spa d
040 _aDO-SdBNP
_bspa
_cBNPHU
100 1 _aBrion, Abel
_970758
245 1 0 _aVademecum del veterinario /
_cde H. Mollereau, Ch. Porter, E. Nicolas. Formulario veterinario de farmacología, terapéutica e higiene. A. Brion; traducción, José María Soler y coll.
250 _a2a. ed.
260 _aBarcelona :
_bGea,
_c1964.
300 _a779 p. ;
_c22 cm.
500 _aIncluye índice
700 1 _aSoler y Coll, José María
_etrad.
_970759
999 _c42661
_d42661